Herkules arcai ki is az igazi Hercules?

Elmentve itt :
Bibliográfiai részletek
Dokumentumtípus: Cikk
Megjelent: 2021-03-11
Sorozat:SZTE Info
Kulcsszavak:Rendezvénysorozat - Kutatók Éjszakája, Előadás - PhD-hallgató - Csapó Fanni, SZTE Irodalomtudományi Doktori Iskola - Neolatin Program, Bölcsészet- és Társadalomtudományi Kar - BTK
Online Access:http://univ.bibl.u-szeged.hu/57779
LEADER 00772nab a2200157 i 4500
001 univ57779
005 20210312130019.0
008 210312s2021 hu o 0|| zxx d
040 |a SZTE UnivHistória Repozitórium  |b hun 
041 |a zxx 
245 0 0 |a Herkules arcai   |h [elektronikus dokumentum] :  |b ki is az igazi Hercules? 
260 |c 2021-03-11 
490 0 |a SZTE Info 
561 |a Egyetemi hirarchívum 
695 |a Rendezvénysorozat - Kutatók Éjszakája, Előadás - PhD-hallgató - Csapó Fanni, SZTE Irodalomtudományi Doktori Iskola - Neolatin Program, Bölcsészet- és Társadalomtudományi Kar - BTK 
856 4 0 |u http://univ.bibl.u-szeged.hu/57779/1/Szegedi%20Tudom%C3%A1nyegyetem%20_%20Herkules%20arcai%20%E2%80%93%20Ki%20is%20az%20igazi%20Hercules_.pdf  |z Dokumentum-elérés